000 00958nmm a2200289 a 4500
001 ocm0001682902
003 TR-IsHL
005 20201028165330.0
008 180101s2013 tu tur
007 cr cn
020 _a9786054447602
035 _a1682902
_b(N$T)
050 0 4 _aPL230
_b.A234 2013
090 0 4 _aPL230
_b.A234 2013
100 1 _aAcar, Hilal
245 1 0 _aBir musibet bin nasihatten iyidir
_h[electronic resource] /
_cHilal Acar ; resimleyen Şaban Ayhan ; editör Emine Emel Öz
260 _aİstanbul :
_bFerfir Yayınları,
_c2013
300 _a129 p.
650 4 _aDil ve Edebiyat
650 4 _aLanguage and Literature
650 0 _aÇocuk edebiyatı, Türk
650 0 _aChildren literature, Turkish
650 7 _aJUVENILE FICTION / General
_2bisacsh
700 1 _aAyhan, Şaban
700 1 _aÖz, Emine Emel
856 4 0 _uhttp://search.ebscohost.com/login.aspx?direct=true&scope=site&db=e011xww&AN=1682902
999 _c15843
_d15843